[Event "1. Bundesliga 2016/2017"]
[Site "St. Veit/Glan"]
[Date "2017.03.24"]
[Round "6"]
[Board "6"]
[White "Kranz, Armin"]
[Black "Hebesberger, Thomas"]
[Result "0-1"]
[WhiteElo "2052"]
[BlackElo "2292"]
[PlyCount "132"]
[EventDate "2016.10.20"]
[EventType "team"]
[EventRounds "11"]
[EventCountry "AUT"]
[WhiteTeam "Schachclub Sparkasse Goetzis"]
[BlackTeam "SV Pillenkoenig St. Veit"]

1.d4 Nf6 2.Nf3 e6 3.c4 Bb4+ 4.Nbd2 b6 5.a3 Bxd2+ 6.Qxd2 a5 7.b3 Bb7 8.e3 O-O 9.Be2
d6 10.Bb2 Nbd7 11.O-O Ne4 12.Qc2 f5 13.Rad1 Qe7 14.Ne1 Qg5 15.Bc1 Qg6 16.f3 Nef6 17.Bd3
Qf7 18.e4 fxe4 19.fxe4 e5 20.d5 Nc5 21.Nf3 Qh5 22.Rde1 Bc8 23.b4 Nxd3 24.Qxd3 axb4
25.axb4 Bd7 26.c5 bxc5 27.bxc5 Qg4 28.Ng5 Ra2 29.g3 Qh5 30.h4 Qg4 31.c6 Bc8 32.Qf3
h6 33.Qxg4 Bxg4 34.Ne6 Bxe6 35.dxe6 Raa8 36.Bd2 Rae8 37.Ba5 Rxe6 38.Bxc7 Rc8 39.Ba5
Rxc6 40.Bd8 Ng4 41.Rf3 Re8 42.Ba5 Ra8 43.Bd2 Ra2 44.Rd3 Rcc2 45.Re2 Rc6 46.Kf1 Kf7
47.Bb4 Rc1+ 48.Be1 Ra6 49.Kg2 Ke6 50.Bb4 Rc4 51.Ba3 Rd4 52.Rb3 Nf6 53.Kf3 Raa4 54.Bb2
Rxe4 55.Rxe4 Rxe4 56.Rb7 Rg4 57.Ba3 h5 58.Rb6 Rd4 59.Bc5 Rd3+ 60.Ke2 Rd5 61.Bb4 g6
62.Ra6 Ne4 63.Be1 Rb5 64.Kf3 Kf5 65.Ra3 Rb1 66.Ke2 d5 0-1

[Event "1. Bundesliga 2016/2017"]
[Site "St. Veit/Glan"]
[Date "2017.03.24"]
[Round "6"]
[Board "1"]
[White "Ragger, Markus"]
[Black "Prohaszka, Peter"]
[Result "1/2-1/2"]
[WhiteElo "2677"]
[BlackElo "2592"]
[PlyCount "60"]
[EventDate "2016.10.20"]
[EventType "team"]
[EventRounds "11"]
[EventCountry "AUT"]
[WhiteTeam "SC MPOE Maria Saal"]
[BlackTeam "mpimmo Wien - SK Ottakring"]

1.d4 c6 2.c4 d5 3.Nf3 Nf6 4.e3 Bf5 5.Nc3 a6 6.Ne5 Nbd7 7.Qb3 Qc7 8.cxd5 Nxe5 9.dxe5
Nxd5 10.Nxd5 cxd5 11.Bd2 Qxe5 12.Rc1 Bd7 13.Bc3 Qc7 14.Qxd5 Bc6 15.Qg5 h6 16.Qg3 Qxg3
17.hxg3 e6 18.f4 f6 19.Kf2 Bd6 20.Be2 Ke7 21.Rhd1 Rhd8 22.Ba5 Rdc8 23.Rd2 Ba4 24.Bc3
a5 25.Bf3 Rc7 26.Bd1 Bxd1 27.Rcxd1 Bb4 28.Bxb4+ axb4 29.b3 f5 30.Kf3 Kf6 1/2-1/2

[Event "1. Bundesliga 2016/2017"]
[Site "St. Veit/Glan"]
[Date "2017.03.24"]
[Round "6"]
[Board "2"]
[White "Banusz, Tamas"]
[Black "Buhmann, Rainer"]
[Result "1/2-1/2"]
[WhiteElo "2613"]
[BlackElo "2609"]
[PlyCount "102"]
[EventDate "2016.10.20"]
[EventType "team"]
[EventRounds "11"]
[EventCountry "AUT"]
[WhiteTeam "mpimmo Wien - SK Ottakring"]
[BlackTeam "SC MPOE Maria Saal"]

1.d4 Nf6 2.c4 e6 3.Nf3 d5 4.g3 dxc4 5.Bg2 c5 6.O-O Nc6 7.Qa4 Bd7 8.Qxc4 cxd4 9.Nxd4
Rc8 10.Nxc6 Bxc6 11.Bxc6+ Rxc6 12.Qb3 Qc8 13.Be3 a6 14.Nd2 Bc5 15.Bxc5 Rxc5 16.Qa4+
b5 17.Qa5 O-O 18.Nb3 Rc2 19.Rac1 h5 20.Qb6 e5 21.Rfe1 h4 22.Qe3 Re8 23.Qg5 h3 24.f3
a5 25.Qe3 a4 26.Nc5 Nd5 27.Qf2 Rxb2 28.Nxa4 Rc2 29.Rxc2 Qxc2 30.e4 Nb4 31.Nb2 Rc8
32.a3 Qxf2+ 33.Kxf2 Rc2+ 34.Re2 Rxb2 35.axb4 Rxb4 36.Rc2 Rb3 37.g4 b4 38.Rc8+ Kh7
39.Rb8 Kg6 40.Rb6+ Kg5 41.Kg3 g6 42.Rb5 f6 43.Rb8 Rb1 44.Rb5 b3 45.f4+ Kh6 46.fxe5
fxe5 47.Kxh3 b2 48.Kh4 g5+ 49.Kh3 Kg6 50.Kg2 Kf6 51.Rb7 Kg6 1/2-1/2

[Event "1. Bundesliga 2016/2017"]
[Site "St. Veit/Glan"]
[Date "2017.03.24"]
[Round "6"]
[Board "3"]
[White "Predojevic, Borki"]
[Black "Papp, Gabor"]
[Result "1-0"]
[WhiteElo "2616"]
[BlackElo "2581"]
[PlyCount "77"]
[EventDate "2016.10.20"]
[EventType "team"]
[EventRounds "11"]
[EventCountry "AUT"]
[WhiteTeam "SC MPOE Maria Saal"]
[BlackTeam "mpimmo Wien - SK Ottakring"]

1.e4 e5 2.Nf3 Nc6 3.Bb5 a6 4.Ba4 Nf6 5.O-O Nxe4 6.d4 b5 7.Bb3 d5 8.dxe5 Be6 9.Qe2
Be7 10.Rd1 O-O 11.c4 bxc4 12.Bxc4 Bc5 13.Be3 Bxe3 14.Qxe3 Qb8 15.Bb3 Na5 16.Nd4 c5
17.Nxe6 fxe6 18.f3 c4 19.fxe4 cxb3 20.exd5 bxa2 21.Rxa2 Nc4 22.Qd4 Qb3 23.Nc3 Rac8
24.Rb1 Ne3 25.Qxe3 Rxc3 26.Qxc3 Qxa2 27.Rd1 exd5 28.Qd4 Rb8 29.Rc1 Re8 30.h3 h6 31.Kh2
Qb3 32.Rc7 Kh8 33.e6 Rg8 34.Rd7 Qb8+ 35.Kg1 Qc8 36.Qe5 Qc5+ 37.Kh2 Qf2 38.e7 Qf7 39.Rd8 1-0

[Event "1. Bundesliga 2016/2017"]
[Site "St. Veit/Glan"]
[Date "2017.03.24"]
[Round "6"]
[Board "4"]
[White "Dragnev, Valentin"]
[Black "Naumann, Alexander"]
[Result "1/2-1/2"]
[WhiteElo "2515"]
[BlackElo "2565"]
[PlyCount "77"]
[EventDate "2016.10.20"]
[EventType "team"]
[EventRounds "11"]
[EventCountry "AUT"]
[WhiteTeam "mpimmo Wien - SK Ottakring"]
[BlackTeam "SC MPOE Maria Saal"]

1.e4 e6 2.d4 d5 3.Nd2 c5 4.exd5 Qxd5 5.Ngf3 cxd4 6.Bc4 Qd6 7.O-O Nf6 8.Nb3 Nc6 9.Nbxd4
Nxd4 10.Qxd4 Qxd4 11.Nxd4 Bd7 12.Bf4 Rc8 13.Bb3 Bc5 14.Nf3 Ke7 15.Ne5 Rhd8 16.Nxd7
Rxd7 17.Rae1 h6 18.Re2 b5 19.c3 Nd5 20.Bc1 b4 21.Rd1 Rcd8 22.Rxd5 Rxd5 23.Bxd5 Rxd5
24.Bd2 bxc3 25.Bxc3 g5 26.Kf1 f5 27.Rd2 Kd6 28.Ke2 g4 29.f3 gxf3+ 30.gxf3 h5 31.h3
e5 32.b3 e4 33.fxe4 fxe4 34.Rxd5+ Kxd5 35.Bf6 a6 36.Bc3 Bb6 37.Bf6 Bc5 38.Bc3 Bb6
39.Bf6 1/2-1/2

[Event "1. Bundesliga 2016/2017"]
[Site "St. Veit/Glan"]
[Date "2017.03.24"]
[Round "6"]
[Board "5"]
[White "Kreisl, Robert"]
[Black "Stohl, Igor"]
[Result "1/2-1/2"]
[WhiteElo "2435"]
[BlackElo "2502"]
[PlyCount "40"]
[EventDate "2016.10.20"]
[EventType "team"]
[EventRounds "11"]
[EventCountry "AUT"]
[WhiteTeam "SC MPOE Maria Saal"]
[BlackTeam "mpimmo Wien - SK Ottakring"]

1.d4 Nf6 2.Nf3 e6 3.e3 c5 4.Bd3 d5 5.b3 b6 6.O-O Be7 7.c4 cxd4 8.Nxd4 Bb7 9.Nc3 O-O
10.Bb2 dxc4 11.Bxc4 a6 12.a4 Bc5 13.Qe2 Qe7 14.Rfd1 Nbd7 15.Nf3 Rfd8 16.h3 Bb4 17.Na2
Bd6 18.Nc3 Bb4 19.Na2 Bd6 20.Nc3 Bb4 1/2-1/2

[Event "1. Bundesliga 2016/2017"]
[Site "St. Veit/Glan"]
[Date "2017.03.24"]
[Round "6"]
[Board "6"]
[White "Blohberger, Felix"]
[Black "Handler, Lukas"]
[Result "1/2-1/2"]
[WhiteElo "2272"]
[BlackElo "2378"]
[PlyCount "62"]
[EventDate "2016.10.20"]
[EventType "team"]
[EventRounds "11"]
[EventCountry "AUT"]
[WhiteTeam "mpimmo Wien - SK Ottakring"]
[BlackTeam "SC MPOE Maria Saal"]

1.d4 Nf6 2.Nf3 d5 3.Bf4 e6 4.e3 Bd6 5.Bg3 b6 6.Nbd2 O-O 7.Bd3 Ba6 8.Bxa6 Nxa6 9.Qe2
Nb4 10.O-O c5 11.Bxd6 Qxd6 12.c3 Nc6 13.dxc5 Qxc5 14.c4 Rfd8 15.Rfd1 Rac8 16.Rac1
Na5 17.a3 Qc7 18.h3 h6 19.b4 Nxc4 20.Nxc4 dxc4 21.Rxd8+ Qxd8 22.Rxc4 Rxc4 23.Qxc4
Qd1+ 24.Kh2 Qd6+ 25.g3 a5 26.bxa5 bxa5 27.a4 Qd1 28.Kg2 Nd5 29.Qd4 Qxd4 30.Nxd4 Nb6
31.Nb3 Nxa4 1/2-1/2

[Event "1. Bundesliga 2016/2017"]
[Site "St. Veit/Glan"]
[Date "2017.03.24"]
[Round "6"]
[Board "1"]
[White "Martinovic, Sasa"]
[Black "Sandhoefner, Florian"]
[Result "1/2-1/2"]
[WhiteElo "2551"]
[BlackElo "2257"]
[PlyCount "145"]
[EventDate "2016.10.20"]
[EventType "team"]
[EventRounds "11"]
[EventCountry "AUT"]
[WhiteTeam "SK Hohenems"]
[BlackTeam "ASK St. Valentin"]

1.d4 d5 2.c4 c6 3.Nc3 Nf6 4.e3 e6 5.Nf3 Nbd7 6.Qc2 Bd6 7.b3 O-O 8.Bb2 b6 9.Bd3 Bb7
10.O-O Rc8 11.Rfd1 Qe7 12.Rac1 Rfd8 13.Qb1 a6 14.a4 Bb4 15.Ne2 h6 16.Ng3 c5 17.Qa1
dxc4 18.bxc4 Re8 19.d5 exd5 20.cxd5 Bxd5 21.Bxa6 Ra8 22.Bb5 Red8 23.Bxd7 Rxd7 24.Bxf6
Qxf6 25.Qxf6 gxf6 26.Nh5 Bxf3 27.Nxf6+ Kg7 28.Rxd7 Bc6 29.Nh5+ Kg8 30.Rd6 Rc8 31.Rxh6
Rc7 32.Ng3 Ba5 33.Rc4 Bd7 34.Ne4 Be6 35.Rc1 c4 36.Kf1 c3 37.Rxe6 fxe6 38.Ke2 Rc4 39.Kd3
Rxa4 40.Nxc3 Ra3 41.Kc4 Bxc3 42.Rxc3 Ra2 43.e4 Rxf2 44.Rg3+ Kh7 45.Kd4 b5 46.Ke5 Re2
47.h4 b4 48.Kf4 Rf2+ 49.Kg4 e5 50.Kh3 Rc2 51.Rg5 Rc5 52.Rf5 Kg7 53.Rf2 b3 54.Rb2 Rc3+
55.Kg4 Kf6 56.Rf2+ Ke6 57.Rf8 Re3 58.Rb8 Rxe4+ 59.Kg5 Re2 60.g4 b2 61.h5 Rh2 62.h6
e4 63.Kf4 Rxh6 64.Rxb2 Rf6+ 65.Kxe4 Kf7 66.Rb5 Kg6 67.Ra5 Rf1 68.Ke3 Rf6 69.Ke4 Rf1
70.Rf5 Re1+ 71.Kf4 Rf1+ 72.Ke5 Re1+ 73.Kd4 1/2-1/2

[Event "1. Bundesliga 2016/2017"]
[Site "St. Veit/Glan"]
[Date "2017.03.24"]
[Round "6"]
[Board "2"]
[White "Theuretzbacher, Klaus"]
[Black "Rozentalis, Eduardas"]
[Result "0-1"]
[WhiteElo "2248"]
[BlackElo "2540"]
[PlyCount "68"]
[EventDate "2016.10.20"]
[EventType "team"]
[EventRounds "11"]
[EventCountry "AUT"]
[WhiteTeam "ASK St. Valentin"]
[BlackTeam "SK Hohenems"]

1.e4 e6 2.Nf3 d5 3.e5 c5 4.b4 Bd7 5.bxc5 Bxc5 6.d4 Be7 7.c3 Qa5 8.Nfd2 Nc6 9.a4 f6
10.f4 Nh6 11.Bd3 fxe5 12.fxe5 O-O 13.Nf3 Be8 14.O-O Bh5 15.Ba3 Bxa3 16.Rxa3 Nf5 17.Qd2
h6 18.Rb3 Qc7 19.Na3 a6 20.Rbb1 Rac8 21.Qb2 Ne3 22.Rfe1 Nxg2 23.Qxg2 Rxf3 24.Bg6 Bxg6
25.Qxf3 Rf8 26.Qh3 Bf5 27.Qe3 Bxb1 28.Rxb1 Ne7 29.Qh3 Nf5 30.Nc2 Qc4 31.Ne1 Nxd4 32.Rxb7
Ne2+ 33.Kh1 Qe4+ 34.Qg2 Rf1# 0-1

[Event "1. Bundesliga 2016/2017"]
[Site "St. Veit/Glan"]
[Date "2017.03.24"]
[Round "6"]
[Board "3"]
[White "Atlas, Valery"]
[Black "Heimberger, Reinhard"]
[Result "1-0"]
[WhiteElo "2437"]
[BlackElo "2282"]
[PlyCount "65"]
[EventDate "2016.10.20"]
[EventType "team"]
[EventRounds "11"]
[EventCountry "AUT"]
[WhiteTeam "SK Hohenems"]
[BlackTeam "ASK St. Valentin"]

1.e4 c5 2.Nf3 d6 3.d4 cxd4 4.Nxd4 Nf6 5.Nc3 a6 6.g3 e5 7.Nb3 Be7 8.Bg2 O-O 9.O-O b5
10.a4 b4 11.Nd5 Nxd5 12.Qxd5 Ra7 13.Be3 Be6 14.Qd3 Rc7 15.Bb6 Bc4 16.Qd2 Bxf1 17.Bxf1
Qc8 18.Bxc7 Qxc7 19.Qxb4 d5 20.Qa5 Qxc2 21.Qxd5 Qxb2 22.Bc4 Qc3 23.Rc1 Qb4 24.Qxe5
Nd7 25.Qa5 Qxa5 26.Nxa5 Nb6 27.Bb3 Rc8 28.Rxc8+ Nxc8 29.Nc6 Bc5 30.e5 Kf8 31.Nd8 Nb6
32.Nxf7 Nxa4 33.Ng5 1-0

[Event "1. Bundesliga 2016/2017"]
[Site "St. Veit/Glan"]
[Date "2017.03.24"]
[Round "6"]
[Board "4"]
[White "Kranzl, Peter"]
[Black "Froewis, Georg"]
[Result "1/2-1/2"]
[WhiteElo "2187"]
[BlackElo "2435"]
[PlyCount "98"]
[EventDate "2016.10.20"]
[EventType "team"]
[EventRounds "11"]
[EventCountry "AUT"]
[WhiteTeam "ASK St. Valentin"]
[BlackTeam "SK Hohenems"]

1.e4 e6 2.d4 d5 3.Nd2 Nc6 4.Ngf3 Nf6 5.e5 Nd7 6.Nb3 Be7 7.Bb5 O-O 8.O-O f6 9.exf6
Bxf6 10.Bf4 Ne7 11.Re1 a6 12.Bxd7 Qxd7 13.Nc5 Qc6 14.Nd3 Nf5 15.c3 b6 16.Qe2 Qd7 17.Ng5
h6 18.Qxe6+ Qxe6 19.Nxe6 Bxe6 20.Rxe6 Rac8 21.Rae1 a5 22.Ne5 Bxe5 23.Bxe5 Rfe8 24.Bf4
Rxe6 25.Rxe6 c6 26.f3 Kf7 27.Re2 a4 28.Kf2 b5 29.g4 Ne7 30.Bd6 Ng8 31.h4 Re8 32.Rxe8
Kxe8 33.h5 Kf7 34.b3 axb3 35.axb3 Nf6 36.Ke3 Nh7 37.Be5 Ng5 38.Bf4 Ne6 39.Bg3 Nd8
40.Be5 Ne6 41.f4 Nf8 42.Kd3 g6 43.hxg6+ Kxg6 44.Ke3 h5 45.Kf3 hxg4+ 46.Kxg4 Nd7 47.f5+
Kf7 48.Kf4 Ke7 49.Bg7 Kf7 1/2-1/2

[Event "1. Bundesliga 2016/2017"]
[Site "St. Veit/Glan"]
[Date "2017.03.24"]
[Round "6"]
[Board "5"]
[White "Baldauf, Marco"]
[Black "Tober, Gerhard"]
[Result "1-0"]
[WhiteElo "2456"]
[BlackElo "2244"]
[PlyCount "95"]
[EventDate "2016.10.20"]
[EventType "team"]
[EventRounds "11"]
[EventCountry "AUT"]
[WhiteTeam "SK Hohenems"]
[BlackTeam "ASK St. Valentin"]

1.c4 d6 2.Nc3 e5 3.g3 Be6 4.Bg2 c6 5.d3 g6 6.e4 Bg7 7.Nge2 Ne7 8.O-O O-O 9.f4 f5 10.Kh1
Nd7 11.Be3 Nf6 12.b3 fxe4 13.dxe4 Ng4 14.Bg1 exf4 15.gxf4 Qd7 16.Qd3 b6 17.Nd4 Bf7
18.Bh3 h5 19.Rae1 c5 20.Nde2 Be6 21.Bg2 Rad8 22.h3 Nh6 23.Qg3 Kh7 24.Rd1 Qc7 25.Rd2
a6 26.Be3 Qb8 27.a4 Qc7 28.Rfd1 Bc8 29.Rg1 Be6 30.Bf3 Bf6 31.Nd5 Bxd5 32.Rxd5 Rg8
33.Rd3 b5 34.axb5 axb5 35.Nc3 bxc4 36.Nb5 Qb8 37.bxc4 Nc6 38.Qf2 Nb4 39.Ra3 Qc8 40.Ra7+
Bg7 41.Qg2 Qe6 42.Bxh5 Kh8 43.Bxg6 Rd7 44.f5 Qe7 45.Bg5 Rxa7 46.Bxe7 Rxe7 47.Qg5 Rxe4
48.f6 1-0

[Event "1. Bundesliga 2016/2017"]
[Site "St. Veit/Glan"]
[Date "2017.03.24"]
[Round "6"]
[Board "6"]
[White "Dornauer, Joachim"]
[Black "Baenziger, Fabian"]
[Result "0-1"]
[WhiteElo "2166"]
[BlackElo "2312"]
[PlyCount "84"]
[EventDate "2016.10.20"]
[EventType "team"]
[EventRounds "11"]
[EventCountry "AUT"]
[WhiteTeam "ASK St. Valentin"]
[BlackTeam "SK Hohenems"]

1.d4 Nf6 2.c4 d6 3.Nf3 g6 4.Nc3 Bg7 5.e4 O-O 6.Be2 e5 7.O-O Nbd7 8.d5 a5 9.Qc2 Ne8
10.Bg5 f6 11.Bh4 Nc5 12.Nd2 Bh6 13.Rab1 Ng7 14.b3 Qe8 15.a3 Bd7 16.b4 axb4 17.axb4
Na4 18.Nb5 Bxb5 19.cxb5 f5 20.f3 Nh5 21.Bf2 Nf4 22.Bc4 Qe7 23.Nb3 Qg5 24.Bg3 Nh5 25.Bf2
Nf6 26.Bd3 Nh5 27.Ra1 Nf4 28.Bg3 Nxd3 29.Qxd3 fxe4 30.Qxe4 Qe3+ 31.Qxe3 Bxe3+ 32.Bf2
Bxf2+ 33.Rxf2 Nc3 34.Rc1 Nxb5 35.Na5 Ra7 36.Re2 Rf4 37.Re4 Rxe4 38.fxe4 Kf8 39.Kf2
Ke8 40.Rc2 b6 41.Nc6 Ra3 42.h4 Nc3 0-1

[Event "1. Bundesliga 2016/2017"]
[Site "St. Veit/Glan"]
[Date "2017.03.24"]
[Round "6"]
[Board "1"]
[White "Lenic, Luka"]
[Black "Repka, Christopher"]
[Result "1-0"]
[WhiteElo "2645"]
[BlackElo "2461"]
[PlyCount "63"]
[EventDate "2016.10.20"]
[EventType "team"]
[EventRounds "11"]
[EventCountry "AUT"]
[WhiteTeam "SV Raika Rapid Feffernitz"]
[BlackTeam "Bregenz"]

1.e4 e6 2.d4 d5 3.Nd2 Nf6 4.e5 Nfd7 5.Bd3 c5 6.c3 Nc6 7.Ne2 cxd4 8.cxd4 f6 9.exf6
Qxf6 10.Nf3 Bd6 11.O-O O-O 12.Bg5 Qf7 13.Bh4 e5 14.Ng5 Qf6 15.f4 exf4 16.Bxh7+ Kh8
17.Bc2 Qh6 18.Nf3 Be7 19.Bxe7 Nxe7 20.Qd2 Nc6 21.Rae1 b6 22.Ne5 Ndxe5 23.dxe5 g5 24.e6
Qg7 25.Ba4 Ne5 26.Nd4 Ba6 27.Rxe5 Qxe5 28.Re1 Qf6 29.e7 Rfe8 30.Bxe8 Rxe8 31.Re6 Qf7
32.Qe1 1-0

[Event "1. Bundesliga 2016/2017"]
[Site "St. Veit/Glan"]
[Date "2017.03.24"]
[Round "6"]
[Board "2"]
[White "Henrichs, Thomas"]
[Black "Danin, Alexandre"]
[Result "1-0"]
[WhiteElo "2505"]
[BlackElo "2564"]
[PlyCount "113"]
[EventDate "2016.10.20"]
[EventType "team"]
[EventRounds "11"]
[EventCountry "AUT"]
[WhiteTeam "Bregenz"]
[BlackTeam "SV Raika Rapid Feffernitz"]

1.d4 d5 2.c4 c6 3.cxd5 cxd5 4.Bf4 Nc6 5.e3 Nf6 6.Nc3 Bf5 7.Qb3 Na5 8.Qa4+ Bd7 9.Qc2
e6 10.Nf3 Rc8 11.Bd3 Bb4 12.O-O O-O 13.Rfc1 h6 14.h3 Qe7 15.Ne5 Rfd8 16.Qe2 Bxc3 17.bxc3
Be8 18.c4 dxc4 19.Nxc4 Nxc4 20.Bxc4 Bc6 21.Qb2 Qd7 22.Bf1 Bd5 23.Bb5 Qe7 24.a4 a6
25.Bf1 Qd7 26.a5 Ne4 27.Qb4 Bc6 28.Rc2 Nf6 29.Be5 Be4 30.Rcc1 Ne8 31.Qb2 Bd5 32.Ra3
Rxc1 33.Qxc1 Rc8 34.Rc3 Rxc3 35.Qxc3 Bc6 36.Bd3 f6 37.Bg3 Nd6 38.f3 Nf5 39.Bf2 Bb5
40.Bc2 Ne7 41.Bb3 Kf7 42.e4 Qc6 43.Qb4 Ke8 44.Kh2 Qd7 45.Qc5 Qc6 46.Qb4 Qd7 47.Qc3
Qc6 48.Qb2 Qd6+ 49.Bg3 Qb4 50.Qa2 Qxd4 51.Bxe6 Bd7 52.Bg8 Kd8 53.Qf7 f5 54.Qf8+ Be8
55.Bf7 Qd7 56.exf5 Nxf5 57.Bxe8 1-0

[Event "1. Bundesliga 2016/2017"]
[Site "St. Veit/Glan"]
[Date "2017.03.24"]
[Round "6"]
[Board "3"]
[White "Skoberne, Jure"]
[Black "Tuncer, Ufuk"]
[Result "1-0"]
[WhiteElo "2544"]
[BlackElo "2308"]
[PlyCount "43"]
[EventDate "2016.10.20"]
[EventType "team"]
[EventRounds "11"]
[EventCountry "AUT"]
[WhiteTeam "SV Raika Rapid Feffernitz"]
[BlackTeam "Bregenz"]

1.Nf3 Nf6 2.g3 g6 3.b3 Bg7 4.Bb2 d6 5.d4 c5 6.c4 cxd4 7.Nxd4 O-O 8.Bg2 d5 9.cxd5 Nxd5
10.O-O Nb6 11.Qd2 e5 12.Nb5 Qxd2 13.Nxd2 Rd8 14.Ne4 Nc6 15.Nc5 a6 16.Nc7 Rb8 17.Rfd1
Bg4 18.Bxc6 bxc6 19.f3 Bd7 20.N7xa6 Ra8 21.e4 Be8 22.a4 1-0

[Event "1. Bundesliga 2016/2017"]
[Site "St. Veit/Glan"]
[Date "2017.03.24"]
[Round "6"]
[Board "4"]
[White "Dobosz, Henryk"]
[Black "Schreiner, Peter"]
[Result "0-1"]
[WhiteElo "2379"]
[BlackElo "2482"]
[PlyCount "84"]
[EventDate "2016.10.20"]
[EventType "team"]
[EventRounds "11"]
[EventCountry "AUT"]
[WhiteTeam "Bregenz"]
[BlackTeam "SV Raika Rapid Feffernitz"]

1.d4 Nf6 2.c4 g6 3.Nf3 Bg7 4.g3 O-O 5.Bg2 d6 6.Nc3 Nc6 7.O-O Rb8 8.a3 Nd7 9.e4 Na5
10.b3 c5 11.Be3 a6 12.a4 e6 13.Rb1 Nc6 14.Qd2 Qa5 15.Rfd1 Rd8 16.h3 b6 17.Qe1 cxd4
18.Nxd4 Nxd4 19.Bxd4 Qb4 20.Bxg7 Kxg7 21.Qd2 Bb7 22.Ne2 Qxd2 23.Rxd2 Nc5 24.Nc3 a5
25.b4 axb4 26.Rxb4 Bc6 27.Rd1 Kf8 28.Rdb1 Nd7 29.Rd1 Ke7 30.f4 Rdc8 31.Kf2 Ra8 32.Ke3
Ra5 33.Bf3 Rc5 34.h4 f5 35.exf5 gxf5 36.Bxc6 R8xc6 37.Nb5 Rxc4 38.Rxc4 Rxc4 39.Nxd6
Rc3+ 40.Kf2 Rc2+ 41.Kf3 Nf6 42.Ke3 Ng4+ 0-1

[Event "1. Bundesliga 2016/2017"]
[Site "St. Veit/Glan"]
[Date "2017.03.24"]
[Round "6"]
[Board "5"]
[White "Diermair, Andreas"]
[Black "Herbrechtsmeier, Christof"]
[Result "1/2-1/2"]
[WhiteElo "2473"]
[BlackElo "2248"]
[PlyCount "91"]
[EventDate "2016.10.20"]
[EventType "team"]
[EventRounds "11"]
[EventCountry "AUT"]
[WhiteTeam "SV Raika Rapid Feffernitz"]
[BlackTeam "Bregenz"]

1.d4 Nf6 2.c4 g6 3.Nf3 Bg7 4.e3 O-O 5.Be2 d5 6.cxd5 Nxd5 7.e4 Nb6 8.O-O c5 9.d5 e6
10.Bg5 f6 11.Be3 exd5 12.exd5 Qxd5 13.Nc3 Qxd1 14.Rfxd1 Na6 15.Rd6 g5 16.a4 Bf5 17.a5
Nc8 18.Bc4+ Kh8 19.Rd2 Ne7 20.Nb5 Bg6 21.Nd6 Nf5 22.Nxb7 Nxe3 23.fxe3 Nb4 24.Rc1 Rfe8
25.Kf2 Re7 26.a6 h5 27.h3 Bh6 28.g4 f5 29.Rd6 Kh7 30.Rg1 fxg4 31.hxg4 Rf8 32.Ke2 Rfe8
33.Kd2 h4 34.Bb5 Rf8 35.Ke2 Nc2 36.Rd7 Rff7 37.Rxe7 Rxe7 38.Nxc5 Rxe3+ 39.Kf2 Rxf3+
40.Kxf3 Nd4+ 41.Kf2 Nxb5 42.Rd1 Bg7 43.Ne6 Bf6 44.Rd5 Be8 45.Nxg5+ Kg6 46.Nf3 1/2-1/2

[Event "1. Bundesliga 2016/2017"]
[Site "St. Veit/Glan"]
[Date "2017.03.24"]
[Round "6"]
[Board "6"]
[White "Mira, Helene"]
[Black "Sebenik, Matej"]
[Result "0-1"]
[WhiteElo "2068"]
[BlackElo "2546"]
[PlyCount "87"]
[EventDate "2016.10.20"]
[EventType "team"]
[EventRounds "11"]
[EventCountry "AUT"]
[WhiteTeam "Bregenz"]
[BlackTeam "SV Raika Rapid Feffernitz"]

1.d4 Nf6 2.c4 g6 3.Nc3 Bg7 4.e4 d6 5.Be2 O-O 6.Nf3 Nbd7 7.O-O e5 8.Re1 a6 9.Bf1 exd4
10.Nxd4 Re8 11.f3 c5 12.Nde2 Ne5 13.Nf4 Nc6 14.Be3 g5 15.Nfe2 h6 16.Qd2 Be6 17.b3
b5 18.cxb5 axb5 19.Nxb5 d5 20.Bxc5 dxe4 21.Qxd8 Rexd8 22.Nc7 Nd7 23.Nxe6 fxe6 24.Rac1
exf3 25.gxf3 Nxc5 26.Rxc5 Nd4 27.Kh1 Nxf3 28.Rec1 Rxa2 29.Rc8 Rxc8 30.Rxc8+ Kf7 31.Rc7+
Kg6 32.Rc6 Kf5 33.Ng3+ Kf4 34.Rc4+ Bd4 35.Bg2 Ra1+ 36.Nf1 e5 37.Rc2 g4 38.h3 h5 39.Rc7
e4 40.Rf7+ Kg5 41.hxg4 hxg4 42.Re7 e3 43.Re4 Kf5 44.Re8 0-1

[Event "1. Bundesliga 2016/2017"]
[Site "St. Veit/Glan"]
[Date "2017.03.24"]
[Round "6"]
[Board "1"]
[White "Bayer, Bernhard"]
[Black "Nisipeanu, Liviu-Dieter"]
[Result "0-1"]
[WhiteElo "2431"]
[BlackElo "2684"]
[PlyCount "136"]
[EventDate "2016.10.20"]
[EventType "team"]
[EventRounds "11"]
[EventCountry "AUT"]
[WhiteTeam "Schachklub Absam"]
[BlackTeam "Schachklub Sparkasse Jenbach"]

1.d4 d5 2.Nf3 Nf6 3.e3 Bg4 4.h3 Bxf3 5.Qxf3 e6 6.c4 Bb4+ 7.Bd2 Bxd2+ 8.Nxd2 O-O 9.cxd5
exd5 10.Bd3 c6 11.O-O Qe7 12.Rfc1 Nbd7 13.Rc3 Nb6 14.Rac1 Rfe8 15.Qe2 Rad8 16.a3 Rd6
17.b4 a6 18.Bc2 Rdd8 19.Rb1 Nc8 20.a4 Nd6 21.Bd3 Rc8 22.Rcc1 g6 23.Nb3 Nfe4 24.Nc5
f5 25.b5 axb5 26.axb5 Nxc5 27.Rxc5 f4 28.Re1 fxe3 29.fxe3 Kg7 30.bxc6 bxc6 31.Qg4
Nf7 32.Qg3 Qg5 33.Qxg5 Nxg5 34.Rc3 Re6 35.Bc2 Ne4 36.Bxe4 Rxe4 37.Kf2 Re6 38.Ke2 Rb8
39.Rec1 Rb6 40.R3c2 h5 41.Rd2 h4 42.Rf1 Rb3 43.Rd3 Rb4 44.Rf3 Rc4 45.Rd2 Re7 46.Rf4
g5 47.Rf5 Kg6 48.Rf8 Rc3 49.Rd3 Rc1 50.Rg8+ Kf5 51.Rf8+ Ke4 52.Rd2 Rc3 53.Rf3 Ra7
54.Kf2 Rd3 55.Re2 Rd1 56.Rf6 Kd3 57.Rb2 Raa1 58.Kf3 Rf1+ 59.Rf2 Rxf2+ 60.Kxf2 Ra8
61.Rf5 Re8 62.Rf3 Re4 63.g3 Kd2 64.gxh4 gxh4 65.Rf6 Rxe3 66.Rxc6 Re4 67.Rg6 Rf4+ 68.Kg2
Ke3 0-1

[Event "1. Bundesliga 2016/2017"]
[Site "St. Veit/Glan"]
[Date "2017.03.24"]
[Round "6"]
[Board "2"]
[White "Volokitin, Andrei"]
[Black "Dizdar, Goran"]
[Result "1-0"]
[WhiteElo "2652"]
[BlackElo "2504"]
[PlyCount "69"]
[EventDate "2016.10.20"]
[EventType "team"]
[EventRounds "11"]
[EventCountry "AUT"]
[WhiteTeam "Schachklub Sparkasse Jenbach"]
[BlackTeam "Schachklub Absam"]

1.e4 e6 2.d4 d5 3.Nc3 Nf6 4.e5 Nfd7 5.f4 c5 6.Nf3 Nc6 7.Be3 a6 8.Qd2 cxd4 9.Nxd4 Bc5
10.O-O-O O-O 11.Qf2 Bxd4 12.Bxd4 b5 13.Be3 b4 14.Na4 a5 15.h4 Ba6 16.h5 Qc7 17.h6
g6 18.g4 Bxf1 19.Rhxf1 f5 20.exf6 Nxf6 21.Bb6 Qb8 22.Qe2 Re8 23.f5 exf5 24.Qd2 Re5
25.gxf5 Ne4 26.Qg2 Qf8 27.Qh2 Rxf5 28.Rxf5 Qxf5 29.Qc7 Qg5+ 30.Kb1 Qf6 31.Qd7 Ne7
32.Bd8 Qf3 33.Rc1 Qf8 34.Bxe7 Qf7 35.Nb6 1-0

[Event "1. Bundesliga 2016/2017"]
[Site "St. Veit/Glan"]
[Date "2017.03.24"]
[Round "6"]
[Board "3"]
[White "Rotstein, Arkadij"]
[Black "Wagner, Dennis"]
[Result "1/2-1/2"]
[WhiteElo "2501"]
[BlackElo "2577"]
[PlyCount "106"]
[EventDate "2016.10.20"]
[EventType "team"]
[EventRounds "11"]
[EventCountry "AUT"]
[WhiteTeam "Schachklub Absam"]
[BlackTeam "Schachklub Sparkasse Jenbach"]

1.d4 d5 2.Bf4 c5 3.e3 Nc6 4.c3 Nf6 5.Nd2 Bf5 6.Ngf3 Qb6 7.dxc5 Qxb2 8.Nd4 Bg4 9.Rb1
Qxc3 10.Nb5 Qa5 11.Bc7 Bxd1 12.Bxa5 Bc2 13.Rb2 Rc8 14.Rxc2 Nxa5 15.Nxa7 Rc7 16.Bb5+
Nd7 17.c6 bxc6 18.Nxc6 e6 19.Ke2 Bd6 20.Rhc1 Nxc6 21.Rxc6 Rxc6 22.Rxc6 Ke7 23.Ra6
Rc8 24.Ra7 Rc7 25.Rxc7 Bxc7 26.Bxd7 Kxd7 27.e4 Kc6 28.h3 dxe4 29.Nxe4 h6 30.Kd3 f5
31.Nd2 Kd5 32.Nc4 e5 33.Ne3+ Ke6 34.f3 g6 35.Kc4 Bb6 36.Nd5 Bd8 37.Kc5 h5 38.a4 h4
39.Nb4 e4 40.fxe4 fxe4 41.Kd4 Kf5 42.Nd5 g5 43.Ke3 Ke5 44.Nb4 Bb6+ 45.Ke2 Bc5 46.Nc6+
Kf4 47.a5 g4 48.hxg4 Kxg4 49.Ne5+ Kg3 50.Ng6 Ba7 51.a6 e3 52.Kf1 Bb6 53.Ke2 Ba7 1/2-1/2

[Event "1. Bundesliga 2016/2017"]
[Site "St. Veit/Glan"]
[Date "2017.03.24"]
[Round "6"]
[Board "4"]
[White "Shengelia, David"]
[Black "Deglmann, Ludwig"]
[Result "1-0"]
[WhiteElo "2570"]
[BlackElo "2296"]
[PlyCount "41"]
[EventDate "2016.10.20"]
[EventType "team"]
[EventRounds "11"]
[EventCountry "AUT"]
[WhiteTeam "Schachklub Sparkasse Jenbach"]
[BlackTeam "Schachklub Absam"]

1.Nf3 c5 2.e3 Nf6 3.b3 g6 4.Bb2 Bg7 5.Be2 O-O 6.O-O Nc6 7.c4 d5 8.cxd5 Nxd5 9.Bxg7
Kxg7 10.Qc1 Qd6 11.Nc3 b6 12.Nb5 Qd7 13.d4 cxd4 14.Nbxd4 Nxd4 15.Nxd4 Bb7 16.Rd1 Rfc8
17.Qb2 Kg8 18.Bc4 Qg4 19.Nf3 Nc3 20.Rd4 Qh5 21.Rh4 1-0